| 000 | 00568nam a22002057a 4500 | ||
|---|---|---|---|
| 005 | 20260515114937.0 | ||
| 008 | 230125b ||||| |||| 00| 0 eng d | ||
| 020 | _a9788195228362 | ||
| 040 |
_aIN-DiNC _cIN-DiNC |
||
| 041 | _deng | ||
| 082 |
_a371.2/ _bDEK |
||
| 100 |
_aDeka, Nabanita _eauthor |
||
| 245 |
_aEducational Administration And Management _cby Nabanita Deka and Lokman Ali |
||
| 250 | _a1st ed. | ||
| 260 |
_aDibrugarh: _bBanalata, _c2021. |
||
| 300 | _a382p. | ||
| 650 | _aEducational managemant | ||
| 700 |
_aAli, Lokman _eauthor |
||
| 942 |
_2ddc _cBK |
||
| 999 |
_c11461 _d11461 |
||